Narraciones extraordinarias / (Registro nro. 8256)

Detalles MARC
000 -LIDER
fixed length control field 00766nam a2200253 a 4500
001 - NÚMERO DE CONTROL
Identificador de número de control 003
003 - IDENTIFICACDOR DE NÚMERO DE CONTROL
control field DO-SdBPM
005 - DATE AND TIME OF LATEST TRANSACTION
control field 20241129120539.0
007 - CAMPOS FIJOS DE DESCRIPCIÓN FÍSICA
fixed length control field 003
008 - ELEMENTOS DE LONGITUD FIJA
fixed length control field 111019s2011 p 000 f spa d
020 ## - ISBN
International Standard Book Number 9786124103117
040 ## - FUENTE DE CATALOGACIÓN
Agencia que crea de manera original el registro DO-SdBPM
Idioma de catalogación spa
Agencia que realiza la transcripción BPMSU
082 #4 - NÚMERO DE CLASIFICACIÓN DECIMAL DE DEWEY
Classification number 813.3
Item number P743n 2011
Edition number 22
100 1# - ASIENTO PRINCIPAL -- NOMBRE PERSONAL
Nombre personal Poe, Edgar Allan,
Fechas asociadas con el nombre 1809-1849
245 10 - MENCIÓN DE TITULO
Título Narraciones extraordinarias /
Mención de responsabilidad Edgar Allan Poe
260 ## - PUBLICACIÓN, DISTRIBUCIÓN, ETC. (PIE DE IMPRENTA)
Lugar de publicación, distribución, etc Lima, Perú :
Nombre del editor, distribuidor, etc. Editoral Educativa:
Fecha de publicación, distribución, etc 2011
Nombre del editor, distribuidor, etc.
300 ## - DESCRIPCIÓN FÍSICA
Extensión 103 p. :
Otros detalles físicos il. ;
Dimensiones 19 cm.
500 ## - NOTA GENERAL
Nota general Incluye datos biográficos del autor en la p. [4]
590 ## - NOTA LOCAL
Texto de la nota local Invetariado, 2024/VM
650 #4 - ENCABEZAMIENTO DE MATERIA--TEMÁTICO
Término temático o nombre geográfico como elemento de entrada Cuentos estadounidenses
650 #4 - ENCABEZAMIENTO DE MATERIA--TEMÁTICO
Término temático o nombre geográfico como elemento de entrada Literatura estadounidense
910 ## - VALIDACIÓN
Validación VMateo V. /Validado. Control de calidad MMOLIN
942 ## - ADDED ENTRY ELEMENTS (KOHA)
Source of classification or shelving scheme Dewey Decimal Classification
Koha item type Libros
Existencias
Withdrawn status Lost status Source of classification or shelving scheme Damaged status Not for loan Collection code Home library Current library Date acquired Source of acquisition Total Checkouts Full call number Barcode Date last seen Price effective from Koha item type Copy number
    Dewey Decimal Classification     Colección General Biblioteca Pública Metropolitana Salomé Ureña Biblioteca Pública Metropolitana Salomé Ureña 09/17/2015 Donativo   BPMSU CG 813.3 P743n 2011 BPMSU15090088 09/17/2015 09/17/2015 Libros  
    Dewey Decimal Classification     Colección General Biblioteca Pública Metropolitana Salomé Ureña Biblioteca Pública Metropolitana Salomé Ureña 09/17/2015 Donativo   BPMSU CG 813.3 P743n 2011 BPMSU15090089 09/17/2015 09/17/2015 Libros e.2
    Dewey Decimal Classification     Colección General Biblioteca Pública Metropolitana Salomé Ureña Biblioteca Pública Metropolitana Salomé Ureña 09/17/2015 Donativo   BPMSU CG 813.3 P743n 2011 BPMSU15090090 09/17/2015 09/17/2015 Libros e.3